000 00421nam a22001817a 4500
003 MPLRDC
005 20220104143658.0
008 210129b ||||| |||| 00| 0 eng d
020 _a957-811-699-3
082 _a427.55 PD
100 _a帕蒂
245 _a一本开PARTY的书
_c
250 _a初版一刷
260 _a
_b高霖国际
_c1999
300 _b
650 _a派对食谱
942 _cBK
_o427.55 PD
999 _c42278
_d42268